000 00507nam a2200169 i 4500
001 91138
003 ES-MaACL
005 20230906180642.0
007 t|
008 050127s1962 sp ||||1| spa d
100 1 _aLeoni, Pietro.
_971692
245 1 0 _aEspia del Vaticano /
_cPietro Leoni ; [traducción castellana de Arturo Solá Cot].
260 _aBarcelona :
_bVergara,
_c[1962]
300 _a349 p., 1 lám. ;
_c22 cm.
700 1 _aSolá Cot, Arturo.
_9107052
852 _aES-MaACL
_jC-23057
_bR.51794
999 _c91138
_d91138